| 000 | 00653nam a22002057a 4500 | ||
|---|---|---|---|
| 003 | OSt | ||
| 005 | 20140310184251.0 | ||
| 008 | 121112t xxu||||| |||| 00| 0 eng d | ||
| 020 | _a0590621750 | ||
| 050 |
_aT 1 _b.R358 1996 |
||
| 100 |
_aReid, Struan. _921642 |
||
| 245 |
_aThe Usborne Book of Inventors : _bFrom Da Vinci to Biro / _cBy Straun Reid and Patricia Fara, Edited By: philippa Wingate, Designed by: Russell Punter, Illustrated By: Ross Watton |
||
| 260 |
_aNew York: _bScholastic Inc., _c1994. |
||
| 300 |
_g25 cm. _a47 p. : _bill. col. ; |
||
| 521 | _aG9 | ||
| 526 | _c1010 | ||
| 942 |
_2lcc _cSCH |
||
| 999 |
_c33369 _d33369 |
||